All Hololive Talents Without Hints - Statistics

General Stats
  • This quiz has been taken 126 times
  • The average score is 64 of 112
Answer Stats
Answer % Correct
Sakura Miko
94%
Hoshimachi Suisei
92%
Mizumiya Su
92%
Tokino Sora
92%
Houshou Marine
90%
Mori Calliope
90%
Shirakami Fubuki
90%
AZKi
88%
Fuwawa Abyssgard
88%
Gawr Gura
88%
Mococo Abyssgard
88%
Takanashi Kiara
88%
Watson Amelia
88%
Nerissa Ravencroft
86%
Ninomae Ina'nis
86%
Ceres Fauna
84%
Gigi Murin
84%
Hakos Baelz
84%
IRyS
84%
Koseki Bijou
84%
Roboco
84%
Shiori Novella
84%
Inugami Korone
82%
Nekomata Okayu
82%
Ookami Mio
82%
Ouro Kronii
82%
Raora Panthera
82%
Akai Haato
80%
Nanashi Mumei
80%
Oozora Subaru
80%
Cecilia Immergreen
78%
Hiodoshi Ao
78%
Tsukumo Sana
78%
Usada Pekora
78%
Elizabeth Rose Bloodflame
76%
Kobo Kanaeru
76%
Shirogane Noel
76%
Shishiro Botan
76%
Kiryu Coco
75%
Juufuutei Raden
73%
Minato Aqua
73%
Murasaki Shion
73%
Natsuiro Matsuri
73%
Sakamata Chloe
73%
Todoroki Hajime
73%
Tsunomaki Watame
73%
Ichijou Ririka
71%
Kaela Kovalskia
71%
Kikirara Vivi
71%
Laplus Darknesss
71%
Nakiri Ayame
71%
Omaru Polka
71%
Otonose Kanade
71%
Shiranui Flare
71%
Aki Rosenthal
69%
Amane Kanata
69%
Himemori Luna
69%
Yukihana Lamy
69%
Yuzuki Choco
69%
Ayunda Risu
67%
Kazama Iroha
67%
Kureiji Ollie
67%
Moona Hoshinova
67%
Takane Lui
67%
Hakui Koyori
65%
Momosuzu Nene
65%
Tokoyami Towa
65%
Yozora Mel
65%
Anya Melfissa
63%
Uruha Rushia
63%
Vestia Zeta
63%
Pavolia Reine
61%
Koganei Niko
59%
Rindo Chihaya
59%
Minase Rio
57%
Airani Iofifteen
55%
Isaki Riona
55%
Hitomi Chris
49%
Mano Aloe
49%
Jurard T Rexford
24%
Regis Altare
24%
Gavis Bettel
22%
Noir Vesper
22%
Yukoku Roberu
22%
Axel Syrios
20%
Banzoin Hakka
20%
Hanasaki Miyabi
18%
Magni Dezmond
18%
Octavio
16%
Aragami Oga
14%
Artia
14%
Arurandeisu
14%
Astel Leda
14%
Civia
14%
Crimzon Ruze
14%
Goldbullet
14%
Kagami Kira
14%
Machina X Flayon
14%
Rikka
14%
Spade Echo
12%
Yogiri
12%
Doris
10%
Josuiji Shinri
10%
Kageyama Shien
10%
Rosalyn
10%
Hizaki Gamma
8%
Kanade Izuru
8%
Utsugi Uyu
8%
Yatogami Fuma
8%
Kishido Temma
6%
Tsukishita Kaoru
6%
Yakushiji Suzaku
4%
No matching quizzes found
Score Distribution
Percent of People with Each Score
Percentile by Number Answered
Your Score History
You have not taken this quiz